| 000 | 01072nam a22002537a 4500 | ||
|---|---|---|---|
| 001 | 21581 | ||
| 005 | 20260407121353.0 | ||
| 008 | 260318b |||||||| |||| 00| 0 spa d | ||
| 041 | _aESP | ||
| 082 |
_a658.4012 _bA37 |
||
| 100 |
_aAlcaraz Rodríguez, Rafael Eduardo _eAUT |
||
| 245 |
_aEl emprendedor de éxito : _bguia de planes de negocios |
||
| 260 |
_a : _b , _c2001 |
||
| 300 |
_axxii, 316 páginas : _b ; _c23 cm. |
||
| 440 | _a ; | ||
| 650 | _aCIS | ||
| 654 | _aCAN | ||
| 700 | _a; | ||
| 856 |
_uhttps://itmsp.museknowledge.com/UCSP?url=https://www.ebooks7-24.com:443/?il=10407&pg=1 _zVersión digital (2020) |
||
| 856 |
_uhttps://0u213vgub-y-https-ebooks7--24-com.itmsp.museknowledge.com/biblioteca.aspx _zVéase además: Base de datos Ebook7-24 |
||
| 856 |
_uhttps://0u20fvguc-y-https-research-ebsco-com.itmsp.museknowledge.com/c/qxo6us/search _zVéase además: Base de datos EBSCOhost |
||
| 856 |
_uhttps://0u20yvgui-y-https-www-bibliotechnia-com-mx.itmsp.museknowledge.com/ _zVéase además: Base de datos BiblioTechnia |
||
| 942 |
_cLIB _dJUS _fJUS _n0 _2ddc |
||
| 999 |
_c21581 _d21581 |
||